=LDR 00000nam 2200000 4500 =001 INLIS000000000012980 =005 20130612104438 =008 ***********************************Ind** =035 ##$$0010-061300000012980 =041 ##$$a Ind =082 ##$$a 92 (Tirtayasa) =090 ##$$a 92 (Tirtayasa), Ria s =100 ##$$a Riansyah =245 ##$$a Sultan Ageng Tirtayasa, Pahlawan perjuangan kemerdekaan no.10, Riansyah =260 ##$$a 2000 $b Jakarta =300 ##$$a 24 hlm, ilus, 16 cm =650 ##$$a Tirtayasa, Sultan Ageng =850 ##$$a NBPNMAT